Sociálnopráva ochrana detí
Legislatíva sociálno-právnej ochrany detí a sociálna kuratela.
Salvato in:
| Autore principale: | |
|---|---|
| Natura: | Capitolo di libro |
| Lingua: | slovacco |
| Soggetti: | |
| Tags: |
Nessun Tag, puoi essere il primo ad aggiungerne!!
|
MARC
| LEADER | 00000naa a2200000 4500 | ||
|---|---|---|---|
| 001 | 0210035 | ||
| 005 | 20231120130644.0 | ||
| 041 | 0 | |a slo | |
| 044 | |a SK | ||
| 245 | 1 | 0 | |a Sociálnopráva ochrana detí |c Miroslav Tichý |
| 520 | |a Legislatíva sociálno-právnej ochrany detí a sociálna kuratela. | ||
| 610 | 2 | 0 | |a ochrana sociálna |
| 610 | 2 | 0 | |a ochrana právna |
| 610 | 2 | 0 | |a deti |
| 100 | 1 | |a Tichý, Miroslav | |